000 02063cam a2200337 a 4500
001 12309514
005 20230307151208.0
008 001010s2000 pk b 001 0 eng
010 _a 00313890
020 _a9698550003
025 _aP-E-00313890; 08
035 _a(DLC) 00313890
040 _aDLC
_cDLC
_dDLC
042 _alcode
043 _aaz-----
050 0 0 _aKZ5681
_b.C77 2000
082 _a327.1747
_bAHM 2000
245 0 4 _aThe CTBT controversy :
_bdifferent perceptions in South Asia /
_cedited by Moonis Ahmar.
260 _aKarachi :
_bDept. of International Relations, University of Karachi,
_c2000.
300 _a154 p. ;
_c23 cm.
504 _aIncludes bibliographical references and index.
505 8 _aMachine generated contents note: Legal and Conceptual Dimensions of the CTBT -- Ahmer Bilal Soofi -- The International Dimensions of the CTBT -- Shaista Tabassum -- The CTBT Controversy: The Regional Dimension -- Moonis Ahmar -- CTBT and Public Perceptions in Pakistan -- Arshi Saleem Hashmi -- The CTBT and the Isolationist Agenda -- Pervez Hoodbhoy -- CTBT: A Tool for American Domination -- Tarik Jan -- The CTBT Controversy: -- Need for a Consensual Approach -- Kamal Matinuddin -- The Future of Nuclear Non-Proliferation -- in South Asia -- Ghulam Umer -- The CTBT Controversy: The Role of -- Nuclear Nationalism and Religious Extremism -- S. MutahirAhmed -- The Economic Dimensfon of the -- CTBT Controversy -- Farhan H. Siddiqui -- Nuclear Explosions and Environmental -- Degradation: CTBT as a Case Study -- Naeem Ahmed -- A Chronological Survey of CTBT: 1996-2000 -- Nausheen Wasi -- Index.
520 _aPapers read at a seminar.
650 0 _aNuclear weapons
_xTesting
_xLaw and legislation
_zSouth Asia.
_9109973
650 0 _aNuclear arms control
_zSouth Asia.
_912991
700 1 _aAhmar, Moonis.
_990901
856 4 1 _3Table of contents
_uhttp://www.loc.gov/catdir/toc/fy02/00313890.html
906 _a7
_bcbc
_corigode
_d3
_encip
_f20
_gy-gencatlg
942 _2ddc
_cBK
999 _c593564
_d593564